[Event "Svenska Cupen 2014"]
[Site "Linkoping"]
[Date "2014.09.05"]
[Round "1.1"]
[White "Tuomalainen, Felix"]
[Black "Luna, Gustavo"]
[Result "1/2-1/2"]
[WhiteElo "2188"]
[BlackElo "2100"]

1.d4 Nf6 2.c4 g6 3.Nc3 Bg7 4.e4 d6 5.f4 O-O 6.Nf3 c5 7.d5 a6 8.Bd3 e6 9.
dxe6 fxe6 10.O-O Nc6 11.Qe1 Nh5 12.g3 Bd7 13.Be3 Qb6 14.Qd2 Nd4 15.Rab1 
Nxf3+ 16.Rxf3 Qc7 17.Rbf1 Nf6 18.f5 Ng4 19.fxe6 Rxf3 20.Rxf3 Bxe6 21.Bf4 
Bd4+ 22.Kg2 Qd7 23.Nd5 Rf8 24.Nb6 Qd8 25.Nd5 Bxd5 26.exd5 Qf6 27.Be2 Qe7 
28.Bg5 Qe4 29.Bf4 Ne5 30.Bxe5 Bxe5 31.b3 Rxf3 1/2-1/2

[Event "Svenska Cupen 2014"]
[Site "Linkoping"]
[Date "2014.09.05"]
[Round "1.2"]
[White "Eriksson, Lennarth"]
[Black "Darnell, Anton"]
[Result "1-0"]
[WhiteElo "2099"]
[BlackElo "1959"]

1.c4 c6 2.Nc3 d5 3.e3 Nf6 4.Nf3 e6 5.b3 Bd6 6.Bb2 O-O 7.d4 Nbd7 8.cxd5 
exd5 9.Bd3 Re8 10.Qc2 Nf8 11.h3 Ng6 12.O-O-O Qe7 13.Kb1 Ne4 14.Bxe4 dxe4 
15.Nd2 f5 16.Nc4 Rd8 17.h4 Be6 18.Nxd6 Qxd6 19.h5 Ne7 20.h6 g6 21.d5 cxd5 
22.Nb5 Qd7 23.Qc3 d4 24.Rxd4 Nd5 25.Rxd5 Bxd5 26.Rd1 Rac8 27.Qh8+ Kf7 28.
Qf6+ Ke8 29.Qh8+ Kf7 30.Qxh7+ Ke8 31.Qh8+ Kf7 32.Qf6+ Ke8 33.Ba3 Qf7 34.
Qe5+ Qe6 35.Nc7+ Rxc7 36.Qxc7 Rc8 37.Qa5 b6 38.Qxd5 1-0

[Event "Svenska Cupen 2014"]
[Site "Linkoping"]
[Date "2014.09.05"]
[Round "1.3"]
[White "Bit-Narva, David"]
[Black "Altnas, Jens"]
[Result "1-0"]
[WhiteElo "1937"]
[BlackElo "2018"]

1.e4 e6 2.Nf3 d5 3.e5 c5 4.c3 Nc6 5.Na3 Bd7 6.Nc2 Nge7 7.d4 cxd4 8.cxd4 
Ng6 9.Bd3 Nb4 10.Nxb4 Bxb4+ 11.Bd2 Qa5 12.O-O Bxd2 13.Nxd2 Nf4 14.Nb3 Qb4 
15.Bc2 Rc8 16.Rc1 O-O 17.Qg4 Ng6 18.h4 f5 19.Qg3 b6 20.h5 Ne7 21.Qh4 Nc6 
22.a3 Qe7 23.Qxe7 Nxe7 24.f3 Bb5 25.Rfe1 Rc7 26.Bxf5 Rxc1 27.Bxe6+ Kh8 28.
Rxc1 Bc6 29.Rc3 Rb8 30.Nc1 Rb7 31.Nd3 Bd7 32.Nf4 g5 33.hxg6 hxg6 34.Bxd5 
Rb8 35.Rc7 Rd8 36.e6 Nxd5 37.Rxd7 1-0

[Event "Svenska Cupen 2014"]
[Site "Linkoping"]
[Date "2014.09.05"]
[Round "1.4"]
[White "Fang, Andy"]
[Black "Sandberg, Philip"]
[Result "0-1"]
[WhiteElo "1445"]
[BlackElo "1519"]

1.c4 e5 2.g3 Nf6 3.Bg2 d5 4.cxd5 Nxd5 5.Nc3 Be6 6.Nf3 Nc6 7.d3 Nxc3 8.bxc3
g6 9.O-O h6 10.e4 Qd7 11.Be3 Bg7 12.d4 Bh3 13.Qb3 Bxg2 14.Kxg2 O-O-O 15.d5
Ne7 16.Nd2 f5 17.f3 Rhf8 18.Rab1 b6 19.c4 f4 20.Bg1 g5 21.c5 Rf6 22.c6 
Nxc6 23.dxc6 Qxd2+ 24.Rf2 Qd6 25.Rd1 Qxd1 0-1

[Event "Svenska Cupen 2014"]
[Site "Linkoping"]
[Date "2014.09.05"]
[Round "1.5"]
[White "Nithander, Victor"]
[Black "Frisk Kockum, Anton"]
[Result "1-0"]
[WhiteElo "2494"]
[BlackElo "2430"]

1.e4 c5 2.Nf3 Nc6 3.d4 cxd4 4.Nxd4 g6 5.c4 Bg7 6.Nc2 Nf6 7.Nc3 O-O 8.Be2 
d6 9.O-O Nd7 10.Bd2 a5 11.Re1 Nc5 12.Bf1 Bd7 13.Na3 Nb4 14.Be3 Bc6 15.f3 
Ne6 16.Qd2 f5 17.exf5 gxf5 18.Nd5 Bxd5 19.cxd5 Nc5 20.Nb5 Rc8 21.Bg5 Bf6 
22.Bxf6 Rxf6 23.Nd4 Kh8 24.Ne6 Nxe6 25.Rxe6 Rxe6 26.dxe6 Qg8 27.a3 Nc6 28.
f4 Qxe6 29.Qc3+ Kg8 30.Re1 Qf6 31.Qb3+ Kf8 32.Qxb7 Qd4+ 33.Kh1 Rb8 34.Qxc6
Qd2 35.Qc3 Qxc3 36.bxc3 Rb3 37.a4 Rxc3 38.g3 Kf7 39.Bb5 Kf6 40.Kg2 e5 41.
fxe5+ dxe5 42.Re2 h5 43.Bd7 Rd3 44.Bb5 Rd4 45.Kf3 h4 46.Rc2 Rb4 47.Rc5 h3 
48.Kf2 f4 49.gxf4 exf4 50.Kf3 Rb2 51.Be2 Rb3+ 52.Kf2 Ra3 53.Rxa5 Kg6 54.
Ra8 Kg5 55.a5 Ra2 56.a6 1-0

[Event "Svenska Cupen 2014"]
[Site "Linkoping"]
[Date "2014.09.05"]
[Round "1.6"]
[White "Ziegler, Ari"]
[Black "Westerberg, Jonathan"]
[Result "0-1"]
[WhiteElo "2365"]
[BlackElo "2482"]

1.d4 d5 2.c4 dxc4 3.Nf3 Nf6 4.e3 b5 5.a4 b4 6.Bxc4 e6 7.O-O Be7 8.Qe2 Bb7 
9.Bb3 O-O 10.Rd1 c5 11.Nbd2 Qc7 12.e4 cxd4 13.e5 Nd5 14.Nc4 Nc6 15.Nxd4 
Rad8 16.Nb5 Qb8 17.Rd3 a6 18.Bc2 axb5 19.axb5 b3 20.Bb1 Ncb4 21.Rxb3 f5 
22.exf6 Nxf6 23.Bd2 Bd5 24.Bxb4 Bxc4 25.Bxh7+ Nxh7 26.Qxc4 Bxb4 27.Qxe6+ 
Kh8 28.Rxb4 Qa7 29.Qe1 Rde8 0-1

[Event "Svenska Cupen 2014"]
[Site "Linkoping"]
[Date "2014.09.05"]
[Round "1.7"]
[White "Sagit, Rauan"]
[Black "Arnelind, Mikael"]
[Result "1-0"]
[WhiteElo "2405"]
[BlackElo "2244"]

1.d4 Nf6 2.Nf3 e6 3.g3 b6 4.Bg2 Bb7 5.O-O Be7 6.c4 O-O 7.Nc3 Ne4 8.Nxe4 
Bxe4 9.Ne1 Bxg2 10.Nxg2 d5 11.cxd5 Qxd5 12.Nf4 Qd6 13.Qa4 Rd8 14.Be3 Nc6 
15.Rfd1 Nb4 16.Rac1 Qd7 17.Qb3 Rac8 18.a3 Nd5 19.Bd2 Nxf4 20.Bxf4 Bd6 21.
Bg5 Re8 22.e4 c6 23.Qc4 Qb7 24.Re1 c5 25.d5 exd5 26.exd5 Qd7 27.Kg2 Qf5 
28.Be3 h6 29.Rcd1 Qe4+ 30.Qxe4 Rxe4 31.Bd2 Rd4 32.Bc3 Rxd1 33.Rxd1 Re8 34.
Kf3 f6 35.a4 Kf7 36.h3 a6 37.b3 b5 38.axb5 axb5 39.Ra1 Be5 40.Bxe5 Rxe5 
41.Ra7+ Kg6 42.d6 Rd5 43.d7 Kf5 44.Rc7 Ke6 45.Rxc5 Rxd7 46.Rxb5 Rd3+ 47.
Ke4 Rd2 48.Rb6+ Kf7 49.Rb7+ Kg6 50.Ke3 Rb2 51.g4 Rb1 52.Kf4 Rh1 53.Kg3 
Rg1+ 54.Kh2 Rb1 55.Kg2 Rb2 56.Rb5 Rb1 57.h4 h5 58.g5 fxg5 59.Rxg5+ Kf6 60.
Rg3 g6 61.Re3 Kf5 62.Kf3 Rh1 63.Kg3 Rg1+ 64.Kh2 Rf1 65.Kg2 Rb1 66.Rg3 Rb2 
67.Rg5+ Kf6 68.Rb5 Rb1 69.f3 Rb2+ 70.Kg3 Rb1 71.Kf4 Rh1 72.Rb6+ Kg7 73.b4 
Rxh4+ 74.Kg5 Rc4 75.Rxg6+ Kf7 76.Rf6+ Ke7 77.Rf4 Rc1 78.Kxh5 Rg1 79.Rg4 
Rf1 80.Re4+ Kf6 81.Kg4 Rg1+ 82.Kf4 Rh1 83.Ke3 Re1+ 84.Kd4 1-0

[Event "Svenska Cupen 2014"]
[Site "Linkoping"]
[Date "2014.09.05"]
[Round "1.8"]
[White "Fransson, Patrick"]
[Black "Pettersson, Anders"]
[Result "0-1"]
[WhiteElo "2216"]
[BlackElo "2319"]

1.d4 d5 2.Bg5 h6 3.Bf4 Nf6 4.e3 c5 5.c3 Nc6 6.Bd3 Qb6 7.b3 cxd4 8.exd4 Bg4
9.Ne2 e6 10.h3 Bxe2 11.Qxe2 a5 12.O-O Be7 13.Nd2 O-O 14.Nf3 Rfc8 15.Rac1 
a4 16.b4 Bf8 17.g4 Qd8 18.Rfe1 Bd6 19.Ne5 Bxe5 20.dxe5 Nd7 21.Kh1 Qh4 22.
Kg2 a3 23.Bg3 Qe7 24.h4 Rc7 25.g5 hxg5 26.Qh5 g6 27.Bxg6 fxg6 28.Qxg6+ Kf8
29.hxg5 Qf7 30.Qh6+ Ke8 31.g6 Qg8 32.c4 Nxb4 33.cxd5 Rxc1 34.Rxc1 Nxd5 35.
g7 Kf7 36.Rc4 Qxg7 37.Qh5+ Qg6 38.Qf3+ Qf5 39.Qb3 b6 40.Rh4 Nxe5 41.Qd1 
Rg8 42.Qa4 Qf3+ 43.Kh2 Ng4+ 44.Kg1 Ngf6 45.Qa7+ Ne7 46.Qc7 Rc8 47.Qf4 Qxf4
48.Rxf4 Rc2 49.Ra4 Rxa2 50.Bd6 Nfd5 51.Bxa3 b5 52.Ra5 b4 53.Bxb4 Nxb4 0-1

[Event "Svenska Cupen 2014"]
[Site "Linkoping"]
[Date "2014.09.05"]
[Round "2.1"]
[White "Tuomalainen, Felix"]
[Black "Nithander, Victor"]
[Result "0-1"]
[WhiteElo "2188"]
[BlackElo "2494"]

1.d4 g6 2.c4 Bg7 3.Nc3 d6 4.Nf3 Nf6 5.g3 O-O 6.Bg2 Nbd7 7.O-O a6 8.Qc2 c5 
9.Rd1 Rb8 10.b3 Qc7 11.Bb2 b5 12.cxb5 axb5 13.Rac1 c4 14.bxc4 bxc4 15.e4 
Bb7 16.Nd2 Rfc8 17.Ne2 Ba6 18.Bc3 e5 19.Rb1 exd4 20.Nxd4 Nc5 21.Rxb8 Rxb8 
22.Rb1 Rxb1+ 23.Qxb1 Na4 24.Qb4 Nxc3 25.Qxc3 Qc5 26.Nc2 Qxf2+ 27.Kxf2 Ng4+
28.Kg1 Bxc3 29.Nb1 Ba5 30.h3 Bb6+ 31.Kh1 Ne3 32.Nb4 Bb7 33.Nd5 Bxd5 34.
exd5 Ba5 35.Na3 Bb4 0-1

[Event "Svenska Cupen 2014"]
[Site "Linkoping"]
[Date "2014.09.05"]
[Round "2.2"]
[White "Westerberg, Jonathan"]
[Black "Darnell, Anton"]
[Result "1-0"]
[WhiteElo "2482"]
[BlackElo "1959"]

1.e4 e6 2.d4 d5 3.Nc3 Bb4 4.e5 b6 5.Qg4 Bf8 6.Bg5 Qd7 7.Bb5 c6 8.Ba4 Ba6 
9.Nce2 Bb5 10.Bxb5 cxb5 11.Nf3 h6 12.Bd2 Ne7 13.Ng3 Nbc6 14.Nh5 Nf5 15.h4 
O-O-O 16.c3 Kb7 17.Qf4 Nce7 18.g4 Ng6 19.Qh2 Nfe7 20.Ng3 Nc6 21.h5 Nge7 
22.Ne2 f6 23.O-O-O Rc8 24.Kb1 Na5 25.exf6 gxf6 26.Nf4 Nec6 27.Ng6 Rh7 28.
Nxf8 Rxf8 29.Nh4 Nc4 30.Bc1 b4 31.b3 Nd6 32.cxb4 Nb5 33.Bb2 Nxb4 34.a3 Nc6
35.a4 Nd6 36.Ba3 Rd8 37.f3 Nf7 38.Qc2 Ng5 39.Qb2 a5 40.Rh2 Rc8 41.Rc2 Rhh8
42.Rdc1 Rhe8 43.Rc3 Ne7 44.Bxe7 Qxe7 45.Qc2 Qd7 46.Qg6 Rxc3 47.Rxc3 Rc8 
48.Rxc8 Qxc8 49.Kb2 Qf8 50.Qd3 Qb4 51.Ng2 Kc6 52.Nf4 b5 53.axb5+ Qxb5 54.
Qc3+ Kd7 55.Nd3 Qb6 56.Nc5+ Kd6 57.Qd3 Qb4 58.f4 Nf3 59.Qa6+ Kc7 60.Qa7+ 
Kc8 61.Qa8+ 1-0

[Event "Svenska Cupen 2014"]
[Site "Linkoping"]
[Date "2014.09.05"]
[Round "2.3"]
[White "Bit-Narva, David"]
[Black "Sagit, Rauan"]
[Result "0-1"]
[WhiteElo "1937"]
[BlackElo "2405"]

1.e4 c5 2.Nf3 d6 3.Bc4 e6 4.c3 Nf6 5.d3 a6 6.Bb3 Be7 7.O-O O-O 8.Re1 Nc6 
9.Nbd2 b5 10.Nf1 Bb7 11.d4 c4 12.Bc2 Re8 13.Ng3 Bf8 14.b3 cxb3 15.axb3 h6 
16.Qd3 Rc8 17.Ba3 g6 18.h4 Bg7 19.h5 g5 20.Qd2 Nh7 21.Qd3 Nf8 22.d5 Ne5 
23.Nxe5 Bxe5 24.Bb4 Qf6 25.Re3 Red8 26.Rf3 Qg7 27.Rc1 Nd7 28.dxe6 fxe6 29.
Rd1 Nf6 30.c4 Bc6 31.Re3 Rd7 32.Qe2 Rb8 33.Ba3 b4 34.Bc1 Rf7 35.Nf1 Nd7 
36.Nd2 Bd4 37.Rf3 Ne5 38.Rxf7 Qxf7 39.Nf1 Bc5 40.Be3 a5 41.Bxc5 dxc5 42.
Qe3 Qf8 43.Qg3 Qf4 44.Qh3 Re8 45.Qe3 Qxe3 46.Nxe3 Rb8 47.Rd6 Kf7 48.Rd1 
Ke7 49.Re1 a4 50.bxa4 b3 51.Bb1 Ra8 52.Nd5+ exd5 53.exd5 Kd6 54.dxc6 Nxc6 
55.Be4 Rxa4 56.Rb1 Nd4 0-1

[Event "Svenska Cupen 2014"]
[Site "Linkoping"]
[Date "2014.09.05"]
[Round "2.4"]
[White "Pettersson, Anders"]
[Black "Sandberg, Philip"]
[Result "1-0"]
[WhiteElo "2319"]
[BlackElo "1519"]

1.d4 d5 2.c4 c6 3.Nc3 e6 4.Nf3 f5 5.Bf4 Bd6 6.Bxd6 Qxd6 7.Qc2 Nf6 8.e3 O-O
9.Bd3 Ne4 10.O-O Bd7 11.Ne5 Be8 12.Bxe4 fxe4 13.Qb3 b6 14.cxd5 exd5 15.
Nxe4 Qe6 16.Rac1 Nd7 17.Rxc6 Qe7 18.Qxd5+ Kh8 19.Re6 Qd8 20.Rxe8 1-0

[Event "Svenska Cupen 2014"]
[Site "Linkoping"]
[Date "2014.09.05"]
[Round "2.5"]
[White "Blomqvist, Erik"]
[Black "Kumar, Rahul"]
[Result "1-0"]
[WhiteElo "2593"]
[BlackElo "2225"]

1.e4 g6 2.d4 Bg7 3.Nf3 d6 4.Be2 e6 5.O-O Ne7 6.c4 O-O 7.Nc3 Nd7 8.Be3 h6 
9.Qd2 Kh7 10.Rad1 b6 11.Bd3 Bb7 12.Rfe1 a6 13.d5 e5 14.Bb1 Nf6 15.h3 Bc8 
16.Nh2 g5 17.Ne2 Kg8 18.Ng3 a5 19.Nf5 Nxf5 20.exf5 Nd7 21.Nf1 f6 22.Ng3 a4
23.Qe2 Nc5 24.Qg4 Bd7 25.h4 Kf7 26.Qh5+ Ke7 27.Qg4 Rh8 28.f4 Qf8 29.fxg5 
hxg5 30.hxg5 Kd8 31.Kf2 fxg5 32.Bxg5+ Bf6 33.Rh1 Kc8 34.Bxf6 Qxf6 35.Rxh8+
Qxh8 36.Rh1 Qf8 37.Rh7 Kb7 38.Qg7 Ka6 39.f6 Ka5 40.Qg5 Kb4 41.Qd2+ Kxc4 
42.Qc3+ Kxd5 43.Qf3+ Kc4 44.Qc3+ Kd5 45.Qf3+ Kc4 46.Rxd7 Nxd7 47.Qg4+ Kc5 
48.Qxd7 Qxf6+ 49.Kg1 Qd8 50.Ne4+ Kd5 51.Nc3+ Kd4 52.Qc6 d5 53.Nd1 1-0

[Event "Svenska Cupen 2014"]
[Site "Linkoping"]
[Date "2014.09.05"]
[Round "2.6"]
[White "Fransson, Percy"]
[Black "Hedman, Erik"]
[Result "0-1"]
[WhiteElo "2187"]
[BlackElo "2423"]

1.Nf3 c5 2.g3 Nc6 3.Bg2 g6 4.O-O Bg7 5.d3 e5 6.e4 Nge7 7.Be3 d6 8.c3 O-O 
9.Ne1 b6 10.f4 d5 11.Nf3 dxe4 12.dxe4 Ba6 13.Re1 Qc7 14.Qc2 Rad8 15.Bf1 
Bxf1 16.Rxf1 Qd7 17.Na3 Bh6 18.Rad1 Qg4 19.Qg2 exf4 20.h3 Qe6 21.Bxf4 Bxf4
22.gxf4 Qxe4 23.Rde1 Qd5 24.Qg4 Nf5 25.Ng5 Rfe8 26.Rd1 Qxa2 27.Rxd8 Rxd8 
28.Rf2 Qa1+ 29.Kh2 Qe1 30.Qg2 Nh4 31.Qg3 Rd1 0-1

[Event "Svenska Cupen 2014"]
[Site "Linkoping"]
[Date "2014.09.05"]
[Round "2.7"]
[White "Lokander, Martin"]
[Black "Eksmyr, Johan"]
[Result "1-0"]
[WhiteElo "2395"]
[BlackElo "2186"]

1.d4 Nf6 2.Bg5 e6 3.e4 h6 4.Bxf6 Qxf6 5.Nc3 d6 6.Qd2 a6 7.f4 b5 8.Nf3 Bb7 
9.Bd3 Nd7 10.e5 Qd8 11.O-O dxe5 12.fxe5 Nb6 13.Qf4 g5 14.Qg4 Be7 15.Qh5 
Qd7 16.Ne4 O-O-O 17.c3 Nd5 18.g3 f5 19.exf6 Nxf6 20.Nxf6 Bxf6 21.Qg6 Qg7 
22.Rae1 Bd5 23.Qxg7 Bxg7 24.a4 c6 25.axb5 axb5 26.Ne5 Rhf8 27.Rxf8 Rxf8 
28.Rf1 Rxf1+ 29.Bxf1 Kc7 30.Kf2 Kd6 31.Nf7+ Kc7 32.h4 gxh4 33.gxh4 Kd7 34.
Kg3 Ke7 35.Ne5 Kd6 36.Nf7+ Ke7 37.Ne5 Kd6 38.Kf4 h5 39.Be2 Bf6 40.Ng6 b4 
41.c4 Bg2 42.Ke3 c5 43.dxc5+ Kxc5 44.Nf4 Bc6 45.Nxe6+ Kd6 46.Nd4 Bxh4 47.
Nf5+ Kc5 48.Nxh4 Be8 49.b3 Bf7 50.Ke4 Bg8 51.Bd3 Be6 52.Nf5 Bc8 53.Ke5 Bb7
54.Be2 Ba6 55.Nd6 h4 56.Bg4 Kc6 57.Bf3+ Kc7 58.Kd5 h3 59.Kc5 h2 60.Bh1 Kb8
61.Kb6 Bc8 62.Nxc8 Kxc8 63.c5 1-0

[Event "Svenska Cupen 2014"]
[Site "Linkoping"]
[Date "2014.09.05"]
[Round "2.8"]
[White "Blazekovic, Nina"]
[Black "Bryntze, Stefan"]
[Result "1-0"]
[WhiteElo "1949"]
[BlackElo "2227"]

1.e4 e5 2.Nf3 Nc6 3.d4 exd4 4.Nxd4 Qf6 5.Be3 Bc5 6.c3 Nge7 7.Bc4 Bb6 8.O-O
O-O 9.f4 d6 10.Qd2 Bd7 11.Na3 Rae8 12.Nac2 Na5 13.Bd3 c5 14.Nf3 Ng6 15.f5 
Ne5 16.Nxe5 Qxe5 17.Kh1 c4 18.Bf4 Qb5 19.Na3 Qc6 20.Bc2 Bc5 21.f6 Re6 22.
fxg7 Kxg7 23.Rae1 Rg8 24.e5 d5 25.Bf5 Re7 26.Bg5 Bxf5 27.Bf6+ Kf8 28.Bxe7+
Bxe7 29.Rxf5 d4 30.Ref1 dxc3 31.bxc3 Ke8 32.Nc2 Rg7 33.e6 b6 34.Rxf7 Rg6 
35.Rxh7 Bf6 36.Nb4 Bxc3 37.Qd7+ Qxd7 38.exd7+ Kd8 39.Rf8+ 1-0

[Event "Svenska Cupen 2014"]
[Site "Linkoping"]
[Date "2014.09.06"]
[Round "3.1"]
[White "Nithander, Victor"]
[Black "Laveryd, Peter"]
[Result "1-0"]
[WhiteElo "2494"]
[BlackElo "2431"]

1.e4 Nf6 2.e5 Nd5 3.d4 d6 4.Nf3 Bg4 5.Be2 c6 6.c4 Nb6 7.exd6 exd6 8.O-O 
Be7 9.b3 O-O 10.Nc3 Na6 11.Bf4 Nc7 12.h3 Bh5 13.Qd2 Ne6 14.Bh2 Bf6 15.g4 
Bg6 16.Rad1 Re8 17.Rfe1 h5 18.Bf1 hxg4 19.hxg4 d5 20.c5 Nd7 21.Bh3 Ndf8 
22.Bg3 b6 23.b4 a5 24.a3 axb4 25.axb4 bxc5 26.bxc5 Qa5 27.Ne5 Ng5 28.Bg2 
Bxe5 29.Rxe5 Rxe5 30.Bxe5 Ne4 31.Nxe4 dxe4 32.Qxa5 Rxa5 33.f3 e3 34.f4 e2 
35.Re1 Bd3 36.Bxc6 Ne6 37.Bd7 Nf8 38.Bf5 Ba6 39.c6 f6 40.Bd6 g6 41.Bc2 Bc4
42.c7 Ra8 43.Be4 Re8 44.Bc6 1-0

[Event "Svenska Cupen 2014"]
[Site "Linkoping"]
[Date "2014.09.06"]
[Round "3.2"]
[White "Ingbrant, Johan"]
[Black "Westerberg, Jonathan"]
[Result "1/2-1/2"]
[WhiteElo "2424"]
[BlackElo "2482"]

1.b3 e5 2.Bb2 Nc6 3.e3 d5 4.Bb5 Bd6 5.f4 Qe7 6.Nf3 f6 7.Nc3 Be6 8.fxe5 
fxe5 9.d4 e4 10.Ne5 Bxe5 11.Qh5+ Bf7 12.Qxe5 Qxe5 13.Bxc6+ bxc6 14.dxe5 
Ne7 15.Na4 Ng6 16.Nc5 Nf8 17.O-O Ne6 18.Nxe6 1/2-1/2

[Event "Svenska Cupen 2014"]
[Site "Linkoping"]
[Date "2014.09.06"]
[Round "3.3"]
[White "Sagit, Rauan"]
[Black "Schutz, Ingemar"]
[Result "0-1"]
[WhiteElo "2405"]
[BlackElo "2242"]

1.d4 Nf6 2.Nf3 g6 3.g3 Bg7 4.Bg2 O-O 5.O-O d6 6.c4 Nc6 7.Nc3 a6 8.h3 Rb8 
9.e4 b5 10.d5 b4 11.Ne2 Na5 12.Nfd4 e5 13.dxe6 fxe6 14.Qc2 c5 15.Nb3 Nc6 
16.f4 e5 17.fxe5 dxe5 18.Bg5 Qe7 19.Rad1 Be6 20.Nbc1 h6 21.Be3 Nd4 22.Nxd4
cxd4 23.Bd2 Rfc8 24.b3 Nd7 25.Nd3 a5 26.Kh2 Nc5 27.Rf2 Rf8 28.Rdf1 Rxf2 
29.Rxf2 Rf8 30.Rxf8+ Qxf8 31.Nxc5 Qxc5 32.Qc1 Kh7 33.Qf1 a4 34.Qe1 Bf8 35.
Qb1 Be7 36.Qc2 a3 37.Qc1 Bf8 38.Qe1 Be7 39.Qf1 Qd6 40.Qd3 Qc5 41.Bf1 Qc8 
42.Qe2 Qf8 43.Bg2 Bc5 44.Be1 Qf6 45.Qd2 Qf8 46.Bf2 Qe7 47.Qd3 Qg5 48.Qd1 
Qf6 49.Qd2 Qg5 50.Qd1 Qf6 51.Qd2 Qf7 52.Kg1 Qf8 53.Qd3 Qf7 54.Qd2 Qa7 55.
Qd3 Qb6 56.Kh2 Qd8 57.Kg1 Qg5 58.Qd1 Qh5 59.Qf1 g5 60.g4 Qf7 61.Qd3 Qf4 
62.Bg3 Qe3+ 63.Qxe3 dxe3 64.Kh2 Bxc4 65.bxc4 b3 66.axb3 a2 67.Bxe5 Bd6 0-1

[Event "Svenska Cupen 2014"]
[Site "Linkoping"]
[Date "2014.09.06"]
[Round "3.4"]
[White "Arvidsson, Tomas"]
[Black "Pettersson, Anders"]
[Result "0-1"]
[WhiteElo "1974"]
[BlackElo "2319"]

1.e4 c5 2.Nc3 g6 3.g3 Bg7 4.Bg2 Nc6 5.d3 d6 6.f4 e6 7.Be3 Nge7 8.Nf3 Nd4 
9.O-O O-O 10.Qd2 Rb8 11.Ne1 b5 12.Nd1 b4 13.c3 bxc3 14.bxc3 Qa5 15.Rc1 
Ndc6 16.Nf3 Ba6 17.g4 Qb5 18.c4 Qb4 19.Qf2 Qa3 20.e5 dxe5 21.Nxe5 Nxe5 22.
fxe5 Bxe5 23.Qh4 f6 24.Be4 Bb7 25.Nf2 Bxe4 26.Nxe4 Qxd3 27.Bxc5 Qxe4 28.
Rce1 Bd4+ 0-1

[Event "Svenska Cupen 2014"]
[Site "Linkoping"]
[Date "2014.09.06"]
[Round "3.5"]
[White "Emoth, Alfons"]
[Black "Lind, Jan-Olov"]
[Result "0-1"]
[WhiteElo "1699"]
[BlackElo "2271"]

1.d4 d6 2.c4 Nf6 3.Nc3 Nbd7 4.e4 e5 5.d5 Be7 6.Be2 Nc5 7.Qc2 a5 8.Nf3 O-O 
9.O-O g6 10.Ne1 Nfd7 11.Bh6 Re8 12.f4 exf4 13.Bxf4 Bg5 14.Qd2 Bxf4 15.Qxf4
Ne5 16.Nf3 Ncd7 17.Ng5 Qe7 18.Qh4 Nf8 19.Qg3 h6 20.Nf3 Bd7 21.Nxe5 Qxe5 
22.Qxe5 Rxe5 23.Rf2 Rae8 24.Raf1 R8e7 25.a3 Kg7 26.b4 b6 27.Bd3 g5 28.Ne2 
Ng6 29.g3 Bh3 30.Rb1 Re8 31.bxa5 bxa5 32.Rb7 R5e7 33.Nd4 Ne5 34.Be2 c5 35.
Rxe7 Rxe7 36.Nb5 Rd7 37.a4 f6 38.Nc3 Rb7 39.Nb5 Rb6 40.Kh1 Kf7 41.Kg1 Ke7 
42.Kh1 Rb7 43.Kg1 Rb8 44.Kh1 Rh8 45.Kg1 h5 46.Na3 h4 47.Nb5 Bd7 48.Kg2 h3+
49.Kg1 Ng4 50.Rf3 Ne5 51.Rc3 g4 52.Re3 Rh5 53.Rc3 Nf7 54.Re3 Re5 55.Kf2 
Ng5 56.Nc3 Kd8 57.Bd1 Kc7 58.Be2 Re8 59.Bd1 Nf7 60.Be2 Ne5 61.Nb5+ Bxb5 
62.axb5 Kb6 63.Ra3 Ra8 64.Ra4 Re8 65.Ra3 Rf8 66.Ke3 f5 67.exf5 Rxf5 68.Ra2
Rf8 69.Bd3 Rf3+ 0-1

[Event "Svenska Cupen 2014"]
[Site "Linkoping"]
[Date "2014.09.06"]
[Round "3.6"]
[White "Bjorkeroth, Johan"]
[Black "Eriksson, Edvard"]
[Result "1-0"]
[WhiteElo "2062"]
[BlackElo "1658"]

1.e4 c5 2.Nc3 Nc6 3.g3 g6 4.Bg2 Bg7 5.d3 d6 6.Be3 Nf6 7.h3 O-O 8.Qd2 Re8 
9.Nge2 Bd7 10.O-O Qa5 11.f4 Rab8 12.g4 b5 13.Ng3 Rec8 14.f5 Nd8 15.Bh6 Bh8
16.g5 Ne8 17.Nd5 Bd4+ 18.Qf2 Bxf2+ 19.Rxf2 Nc6 20.Raf1 Qd8 21.fxg6 hxg6 
22.Rxf7 Be6 23.Rf8+ Kh7 24.Nf4 Nc7 25.Nxe6 Nxe6 26.R1f7+ 1-0

[Event "Svenska Cupen 2014"]
[Site "Linkoping"]
[Date "2014.09.06"]
[Round "3.7"]
[White "Grueso-Cordoba, Santiago"]
[Black "Goransson, Rolf"]
[Result "1-0"]
[WhiteElo "1611"]
[BlackElo "1907"]

1.d4 Nf6 2.c4 e6 3.Nc3 Bb4 4.f3 d6 5.e4 O-O 6.Ne2 e5 7.d5 Ne8 8.g4 Qh4+ 9.
Ng3 Bxc3+ 10.bxc3 Nd7 11.Be3 g6 12.Qd2 Qe7 13.h4 Ng7 14.h5 Nc5 15.Qh2 Ne8 
16.Bh6 g5 17.Bxf8 Kxf8 18.Be2 h6 19.Nf1 Qd7 20.Ne3 Qa4 21.Kd2 Qa3 22.Nc2 
Qa4 23.Rhb1 Nf6 24.Nb4 Nfd7 25.Nd3 Nxd3 26.Bxd3 Nc5 27.Ke3 b6 28.Rf1 Qd7 
29.Rad1 Qe7 30.Kf2 a5 31.Kg2 Ba6 32.Rf2 Kg7 33.Be2 Re8 34.Bd3 Nxd3 35.Rxd3
Bxc4 36.Rd1 Qd7 37.Rb2 Qa4 38.Rdd2 Qa3 39.Qg1 Rc8 40.Qe3 f6 41.f4 gxf4 42.
Qh3 Rf8 43.g5 fxg5 44.Qe6 Rf6 45.Qe7+ Rf7 46.Qe6 Qxc3 47.Qg6+ Kf8 48.Qxh6+
Ke8 49.Qe6+ Re7 50.Qc8+ Kf7 51.Qf5+ Kg8 52.Qg6+ Rg7 53.Qe6+ Kh7 54.Qf5+ 
Kh6 55.Qf6+ Kxh5 56.Qxg7 Qg3+ 57.Kh1 f3 58.Rh2+ Kg4 59.Rbg2 fxg2+ 60.Rxg2 
Bd3 61.Rxg3+ Kxg3 62.Qxg5+ Kf3 63.Qe7 Kxe4 64.Qxc7 Kxd5 65.Qxb6 e4 66.
Qxa5+ Kc4 67.Qd2 d5 68.a4 d4 69.a5 e3 70.Qa2+ Kc3 71.Kg1 Ba6 72.Qe6 Kd2 
73.Qxa6 d3 74.Qh6 Ke2 75.Qh2+ Kd1 76.Qh5+ Kd2 77.Qg5 Ke2 78.Qg4+ Kd2 79.
Qb4+ Ke2 80.Qc4 Kd2 81.a6 e2 82.Qb4+ Ke3 83.Qc3 1-0

[Event "Svenska Cupen 2014"]
[Site "Linkoping"]
[Date "2014.09.06"]
[Round "3.8"]
[White "Ljunggren, Jacob"]
[Black "Grueso-Gomez, Adriano"]
[Result "1-0"]
[WhiteElo "1846"]
[BlackElo "1581"]

1.e4 e5 2.Nf3 Nc6 3.Bb5 a6 4.Ba4 Nf6 5.O-O Be7 6.Re1 b5 7.Bb3 O-O 8.c3 d6 
9.d3 Bg4 10.Nbd2 h6 11.Nf1 Rb8 12.Ne3 Bh5 13.Nf5 Nh7 14.Bd5 Na7 15.b4 Bg5 
16.Ng3 Bg4 17.h3 Be6 18.Nxg5 Nxg5 19.Be3 Nc8 20.h4 Nh7 21.Bxe6 fxe6 22.Qg4
Kh8 23.Qxe6 Qxh4 24.Nf5 Qf6 25.Qxf6 Rxf6 26.a4 Nf8 27.axb5 axb5 28.Ra5 Ne6
29.g3 Kh7 30.Rea1 Rf8 31.Ra8 Nb6 32.Rxb8 Rxb8 33.Ra7 g5 34.Bxb6 Rxb6 35.
Ne7 Kg7 36.Nd5 Rc6 37.Rb7 Ra6 38.Nxc7 Nxc7 39.Rxc7+ Kf6 40.Rb7 Ra1+ 41.Kg2
Rd1 42.Rxb5 Rxd3 43.Rd5 Rxd5 44.exd5 e4 45.b5 1-0

[Event "Svenska Cupen 2014"]
[Site "Linkoping"]
[Date "2014.09.06"]
[Round "4.1"]
[White "Emoth, Alfons"]
[Black "Nithander, Victor"]
[Result "0-1"]
[WhiteElo "1699"]
[BlackElo "2494"]

1.d4 Nf6 2.c4 g6 3.Nc3 Bg7 4.e4 d6 5.Be2 O-O 6.Nf3 e5 7.d5 a5 8.O-O Na6 9.
Ne1 Nc5 10.Qc2 Nfd7 11.Be3 f5 12.f3 f4 13.Bf2 Nf6 14.Bxc5 dxc5 15.Nd3 Qe7 
16.Nb5 h5 17.Kf2 Ne8 18.Rh1 Bd7 19.Nc3 b6 20.Rag1 Nd6 21.b3 Qh4+ 22.g3 
fxg3+ 23.hxg3 Qg5 24.a4 Bh6 25.Qc1 Qd2 26.Qxd2 Bxd2 27.Nb1 Bh6 28.Ke1 Rae8
29.Rg2 Kg7 30.Nd2 Be3 31.Rgh2 Re7 32.Kd1 Rh8 33.Nf1 Bg5 34.f4 Bf6 35.fxe5 
Bxe5 36.Bf3 Rf8 37.Ke2 Bc3 38.Nf2 Ref7 39.e5 Bxe5 40.Be4 Bd4 41.Ne3 Re7 
42.Kd3 Rfe8 43.Neg4 Nxe4 0-1

[Event "Svenska Cupen 2014"]
[Site "Linkoping"]
[Date "2014.09.06"]
[Round "4.2"]
[White "Westerberg, Jonathan"]
[Black "Eriksson, Edvard"]
[Result "1-0"]
[WhiteElo "2482"]
[BlackElo "1658"]

1.e4 c5 2.Nc3 Nc6 3.f4 d6 4.Bb5 g6 5.Bxc6+ bxc6 6.d3 Bg7 7.Nf3 Nf6 8.O-O 
O-O 9.Qe1 Rb8 10.Qh4 Qb6 11.Kh1 Re8 12.f5 Nd7 13.Ng5 h5 14.Nxf7 gxf5 15.
Nh6+ Kh7 16.Nxf5 Nf6 17.Nxg7 Kxg7 18.Bh6+ Kh7 19.Bg5 Rf8 20.Bxf6 Rxf6 21.
Qxh5+ Kg7 22.Qg5+ Kf7 23.Rxf6+ exf6 24.Rf1 Qd8 25.e5 dxe5 26.Ne4 f5 27.
Qxd8 1-0

[Event "Svenska Cupen 2014"]
[Site "Linkoping"]
[Date "2014.09.06"]
[Round "4.3"]
[White "Grueso-Cordoba, Santiago"]
[Black "Sagit, Rauan"]
[Result "0-1"]
[WhiteElo "1611"]
[BlackElo "2405"]

1.d4 Nf6 2.c4 c5 3.d5 b5 4.cxb5 a6 5.bxa6 g6 6.Nc3 Bxa6 7.e4 Bxf1 8.Kxf1 
d6 9.Nge2 Bg7 10.g3 Nbd7 11.Kg2 O-O 12.h3 Qa5 13.Be3 Rfb8 14.Rb1 Qa6 15.
Qd2 Rb4 16.f3 Qb7 17.b3 Rb8 18.h4 h5 19.Bh6 Bh8 20.Bg5 Qa6 21.Rhd1 Kh7 22.
Qc2 Ne5 23.Nc1 c4 24.bxc4 Nxc4 25.Rxb4 Rxb4 26.Nd3 Rb7 27.Re1 Qa5 28.Re2 
Rc7 29.Qb3 Ne3+ 30.Bxe3 Rxc3 31.Qb4 Qc7 32.Nb2 Nd7 33.Bd4 Bxd4 34.Qxd4 Ne5
35.f4 Ng4 36.Nd1 Ra3 37.Nf2 Qc8 38.Qb4 Ne3+ 39.Kh1 Qa6 40.Re1 Nc2 0-1

[Event "Svenska Cupen 2014"]
[Site "Linkoping"]
[Date "2014.09.06"]
[Round "4.4"]
[White "Pettersson, Anders"]
[Black "Grueso-Gomez, Adriano"]
[Result "1-0"]
[WhiteElo "2319"]
[BlackElo "1581"]

1.d4 d5 2.c4 dxc4 3.e3 e5 4.Bxc4 exd4 5.exd4 Bb4+ 6.Nc3 Qe7+ 7.Ne2 Bg4 8.
O-O Nf6 9.Bg5 Bxc3 10.bxc3 O-O 11.Re1 Nbd7 12.f3 Bh5 13.Nf4 Qd6 14.Nxh5 
Nxh5 15.Be7 Qc6 16.Qb3 Nb6 17.Bb5 Qg6 18.Bxf8 Nf4 19.Qb2 Kxf8 20.Qd2 Qg5 
21.Kh1 Qxb5 22.Qxf4 Nd5 23.Qe4 Kg8 24.c4 1-0

[Event "Svenska Cupen 2014"]
[Site "Linkoping"]
[Date "2014.09.06"]
[Round "4.5"]
[White "Laveryd, Peter"]
[Black "Poley, Vladimir"]
[Result "1-0"]
[WhiteElo "2431"]
[BlackElo "2393"]

1.e4 g6 2.d4 Bg7 3.Nc3 c6 4.Bc4 d5 5.exd5 b5 6.Bb3 b4 7.Nce2 cxd5 8.a3 
bxa3 9.Rxa3 Nf6 10.h3 O-O 11.Nf3 e6 12.O-O Ba6 13.Re1 Qc8 14.Nf4 Rd8 15.
Nd3 Ne4 16.Bf4 Bf8 17.Ra2 Nc6 18.c3 Qb7 19.Ba4 f6 20.Bc1 Bc4 21.Ra1 Na5 
22.Nf4 Nb3 23.Bxb3 Bxb3 24.Qd3 Re8 25.Nd2 Nxd2 26.Qxd2 e5 27.dxe5 fxe5 28.
Nd3 Bd6 29.Qg5 Qc7 30.f4 e4 31.Ne5 Bxe5 32.fxe5 Rxe5 33.Qg3 Qe7 34.Be3 Bc4
35.Ra5 a6 36.Rea1 Rf5 37.b3 Bd3 38.c4 Qb7 39.Qd6 Qg7 40.Rxa6 Qxa1+ 41.Rxa1
Rxa1+ 42.Kh2 Ra2 43.Bh6 Kf7 44.cxd5 g5 45.Qe6# 1-0